A discourse analysis of college admissions essays in English

Introduction; Literature review and theoretical background; Method and procedure...

Đã lưu trong:
書目詳細資料
主要作者: Hà, Thị Thanh Thúy.
其他作者: Tôn Nữ Mỹ Nhật, Ph.D. (hướng dẫn.)
格式: 未知
語言:English
Vietnamese
出版: Đà Nẵng : Đại học Đà Nẵng, 2011.
主題:
標簽: 添加標簽
沒有標簽, 成為第一個標記此記錄!
Thư viện lưu trữ: Mạng thư viện Đại học Đà Nẵng
LEADER 02686na a2200385 4500
001 000030935
003 4999
005 20200915162522.0
008 151001s2011 000 eng
040 |a Lnn  |c Lnn  |d Lnn 
041 0 |a vie 
082 0 4 |a 428.2  |b HA-T 
100 1 |a Hà, Thị Thanh Thúy. 
245 1 2 |a A discourse analysis of college admissions essays in English  |h [Thesis-Luận văn thạc sĩ] /  |c Hà Thị Thanh Thúy ; Tôn Nữ Mỹ Nhật hướng dẫn. 
260 |a Đà Nẵng :  |b Đại học Đà Nẵng,  |c 2011. 
300 |a 104 tr. ;  |c 29 cm. +  |e 1 tóm tắt. 
500 |a Master thesis in the English language. 
520 3 |a Introduction; Literature review and theoretical background; Method and procedure... 
630 0 4 |a English language. 
650 0 4 |a English language  |x College admission. 
700 1 |a Tôn Nữ Mỹ Nhật,  |c Ph.D.,  |e hướng dẫn. 
OWN |a LNN 
902 |a lvths 
AVA |a UDN50  |b LNN  |c English  |d 428.2 HA-T  |e available  |t Error 5001 Not defined in file expand_doc_bib_avail.  |f 1  |g 0  |h N  |i 0  |j AN  |k 1 
Z40 3 |y A discourse analysis of college admissions essays in English  |l Library of UFL  |t VIEW  |x http://catalog.udn.vn:80/F?func=service&doc_library=UDN01&local_base=UDN01&doc_number=000030935&sequence=000001&line_number=0001&func_code=DB_RECORDS&service_type=MEDIA  |f summary_000008633.pdf  |e pdf  |s 000573396  |k 20200922  |m NTMTHI 
Z40 3 |y A discourse analysis of college admissions essays in English  |l Library of UFL  |t VIEW  |x http://catalog.udn.vn:80/F?func=service&doc_library=UDN01&local_base=UDN01&doc_number=000030935&sequence=000002&line_number=0002&func_code=DB_RECORDS&service_type=MEDIA  |f sualancuoi_000008635.pdf  |e pdf  |s 001713329  |k 20200922  |m NTMTHI 
999 |a From the UDN01 
AVA |a UDN50  |b LNN  |c English  |d 428.2 HA-T  |e available  |t Error 5001 Not defined in file expand_doc_bib_avail.  |f 1  |g 0  |h N  |i 0  |j AN  |k 1 
TYP |a Printed language 
856 |y A discourse analysis of college admissions essays in English  |l Library of UFL  |t VIEW  |x http://catalog.udn.vn:80/F?func=service&doc_library=UDN01&local_base=UDN01&doc_number=000030935&sequence=000001&line_number=0001&func_code=DB_RECORDS&service_type=MEDIA  |f summary_000008633.pdf  |e pdf  |s 000573396  |k 20200922  |m NTMTHI 
856 |y A discourse analysis of college admissions essays in English  |l Library of UFL  |t VIEW  |x http://catalog.udn.vn:80/F?func=service&doc_library=UDN01&local_base=UDN01&doc_number=000030935&sequence=000002&line_number=0002&func_code=DB_RECORDS&service_type=MEDIA  |f sualancuoi_000008635.pdf  |e pdf  |s 001713329  |k 20200922  |m NTMTHI 
980 |a Mạng thư viện Đại học Đà Nẵng